| 000 | 00790nam a2200205 4500 | ||
|---|---|---|---|
| 001 | 116406 | ||
| 003 | ES-MaACL | ||
| 005 | 20231221183856.0 | ||
| 007 | t| | ||
| 008 | 061121s1931 sp r ||||1| spa d | ||
| 100 | 1 |
_aOssorio y Gallardo, Ángel, _d1873-1946 _9138613 |
|
| 245 | 1 | 4 |
_aUna posición conservadora ante la República _b: conferencia / dada por D. Angel Ossorio en el Círculo de la Unión Mercantil el día 17 de octubre de 1931. |
| 260 |
_aMadrid : _bJuan Pueyo, _c1931. |
||
| 300 |
_a30 p. ; _c19 cm. |
||
| 490 | 1 |
_aEstudios políticos, sociales y económicos ; _v15 |
|
| 651 | 4 |
_aEspaña- _xHistoria- _y1931-1939, II República. _98283 |
|
| 830 | 0 |
_aEstudios políticos, sociales y económicos ; _v15 _9186367 |
|
| 852 |
_aES-MaACL _j1947-F-11 |
||
| 999 |
_c116406 _d116406 |
||